Protection of rubber against ozone (1990 reviews) (Record no. 66047)

MARC details
000 -LEADER
fixed length control field 00386nam a2200145Ia 4500
100 ## - MAIN ENTRY--AUTHOR NAME
Personal name Layer Robert W
245 #0 - TITLE STATEMENT
Title Protection of rubber against ozone (1990 reviews)
260 ## - PUBLICATION, DISTRIBUTION, ETC. (IMPRINT)
Name of publisher Rubber Chemistry and Technology
Year of publication 1990
300 ## - PHYSICAL DESCRIPTION
Number of Pages 426-450
650 ## - SUBJECT ADDED ENTRY--TOPICAL TERM
Topical Term 1990 reviews
650 ## - SUBJECT ADDED ENTRY--TOPICAL TERM
Topical Term Ozone
700 ## - ADDED ENTRY--PERSONAL NAME
Personal name Latimer Robert P
942 ## - ADDED ENTRY ELEMENTS (KOHA)
Koha item type Journals
Holdings
Withdrawn status Lost status Damaged status Not for loan Home library Current library Shelving location Date acquired Serial Enumeration / chronology Koha item type
      Journals RRII Library RRII Library Rubber chemistry 17/12/2021 Volume 63, Issue 3 Journals